000
00417nam a22000977a 4500
082
_a
355
100
_a
Guider
_9
79384
245
_a
असिस्टेन्ट सब इन्सपेक्टर्स (स्टेनो ) एवं हे कॉन्स्टेबल स्टडी गाइड
260
_a
नई दिल्ली
_b
Guider Competitive Group
_c
2020
942
_c
HIN
999
_c
63007
_d
63007